[Event "Wloclawek Weekend Classic 1st"]
[Site "Wloclawek"]
[Date "2006.??.??"]
[Round "2"]
[White "Skubaczewski, Andrzej"]
[Black "Pawlowski, Slawomir"]
[Result "1/2-1/2"]
[WhiteElo "1800"]
[BlackElo "2130"]
[PlyCount "91"]
[EventDate "2006.08.??"]
[EventType "swiss"]
[EventRounds "5"]
[EventCountry "POL"]
[SourceTitle "EXT 2007"]
[Source "ChessBase"]
[SourceDate "2006.11.23"]
[SourceVersion "1"]
[SourceVersionDate "2006.11.23"]
[SourceQuality "1"]

1. e4 d5 2. exd5 Qxd5 3. Nc3 Qa5 4. Be2 Nf6 5. Nf3 c6 6. 0-0 Bf5 7. Nd4 Bg6 8. d3 e6 9. Bf3 Be7 10. Nb3 Qc7 11. Bg5 Nbd7 12. Bh4 0-0 13. Bg3 Qb6 14. Qe2 a5 15. Rab1 Rfe8 16. Nd2 Rad8 17. Nde4 Nxe4 18. Nxe4 Nf6 19. Nd2 Qa6 20. Nc4 Nd5 21. Ne5 Bf6 22. Nxg6 hxg6 23. a3 b5 24. Be5 c5 25. Bxf6 gxf6 26. Bxd5 Rxd5 27. Qf3 Kg7 28. Rfe1 Rf5 29. Qg3 Rg5 30. Qc7 Qa8 31. g3 Rh8 32. Re4 f5 33. Qxc5 Rhh5 34. Qd4+ Kg8 35. f4 Rg4 36. Re3 g5 37. Rf1 Rhh4 38. Qf6 Qa7 39. d4 Qc7 40. Rc3 Qd7 41. fxg5 Rh5 42. Rf4 Rgxg5 43. Qe5 Qb7 44. Qc7 Qd5 45. Qe5 Qb7 46. Qc7 1/2-1/2

[Event "Wloclawek Weekend Classic 1st"]
[Site "Wloclawek"]
[Date "2006.??.??"]
[Round "4"]
[White "Skubaczewski, Andrzej"]
[Black "Wisniewski, Przemyslaw"]
[Result "0-1"]
[WhiteElo "1800"]
[BlackElo "2140"]
[PlyCount "50"]
[EventDate "2006.08.??"]
[EventType "swiss"]
[EventRounds "5"]
[EventCountry "POL"]
[SourceTitle "EXT 2007"]
[Source "ChessBase"]
[SourceDate "2006.11.23"]
[SourceVersion "1"]
[SourceVersionDate "2006.11.23"]
[SourceQuality "1"]

1. e4 c5 2. c4 Nc6 3. Nc3 g6 4. Be2 Bg7 5. d3 d6 6. Nf3 e6 7. 0-0 Nge7 8. Be3 Nd4 9. Bxd4 cxd4 10. Nb5 Qb6 11. Qd2 a6 12. Na3 0-0 13. b4 Bd7 14. Nc2 e5 15. Qe1 f5 16. Nd2 Qc7 17. Qb1 Bh6 18. Nb3 fxe4 19. dxe4 Be6 20. Na3 Kg7 21. c5 d5 22. Bf3 dxe4 23. Bxe4 Nd5 24. Nc4 Nc3 25. Qd3 Bxc4 0-1